Signals and systems (Record no. 31700)

MARC details
000 -LEADER
fixed length control field 00959cam a22002418a 4500
005 - DATE AND TIME OF LATEST TRANSACTION
control field 20090827101948.0
008 - FIXED-LENGTH DATA ELEMENTS--GENERAL INFORMATION
fixed length control field 070619s2008 njuab b 001 0 eng
010 ## - LCCN (DPL NO)
LC control number ENG-95413
020 ## - INTERNATIONAL STANDARD BOOK NUMBER
International Standard Book Number 978812038517
Terms of availability 295.00
035 ## - SYSTEM CONTROL NUMBER
System control number EN-78946
037 ## - SOURCE OF ACQUISITION
Source of stock number/acquisition DBAD/PUB
040 ## - CATALOGING SOURCE
Original cataloging agency DPL
082 ## - DEWEY DECIMAL CLASSIFICATION NUMBER
Classification number 621.3822
100 ## - MAIN ENTRY--PERSONAL NAME
Personal name Ravi Kumar, I
245 ## - TITLE STATEMENT
Title Signals and systems
Statement of responsibility, etc by I. Ravi Kumar
260 ## - PUBLICATION, DISTRIBUTION, ETC. (IMPRINT)
Place of publication, distribution, etc New Delhi
Name of publisher, distributor, etc PHI Learning
Date of publication, distribution, etc 2009
270 ## - ADDRESS
Address M-97, Connaught Circus
City New Delhi
Postal code 110001
300 ## - PHYSICAL DESCRIPTION
Extent xv, 563p.
Dimensions 24 cm.(Pbk)
500 ## - GENERAL NOTE
General note Includes index.
942 ## - ADDED ENTRY ELEMENTS (KOHA)
Source of classification or shelving scheme Dewey Decimal Classification
Item type English Books
Call number suffix RAV
Classification part 621.3822
Holdings
Withdrawn status Lost status Source of classification or shelving scheme Damaged status Not for loan Collection code Home library Current library Date acquired Source of acquisition Cost, normal purchase price Total Checkouts Full call number Barcode Date last seen Copy number Cost, replacement price Koha item type
    Dewey Decimal Classification   Not For Loan Non-fiction D.B.Act.Division D.B.Act.Division 12/11/2009 DBAD / PUB 295.00   621.3822 RAV EN-78946 12/11/2009 1 295.00 English Books

© Delhi Public Library
Hit Counter
free hit counter